Vista normal Vista MARC

Entrada Materia (tema)

Número de registros utilizados en: 1

001 - CONTROL NUMBER

  • control field: 38701

003 - CONTROL NUMBER IDENTIFIER

  • control field: Co-BoUCM

005 - DATE AND TIME OF LATEST TRANSACTION

  • control field: 20130604093320.0

008 - FIXED-LENGTH DATA ELEMENTS

  • fixed length control field: 130604|| aca||aabn | a|a d

040 ## - CATALOGING SOURCE

  • Original cataloging agency: Co-BoUCM
  • Transcribing agency: Co-BoUCM

150 ## - HEADING--TOPICAL TERM

  • Topical term or geographic name as entry element: Organizational change
  • General subdivision: Management

670 ## - SOURCE DATA FOUND

  • Source citation: Work cat.: (Co-BoUCM)166879: Auster, Ellen R. 38700, Strategic organizational change, 2005